Formálne a materiálne zmeny ponuky po novele českého zákona o verejnom obstarávaní

Príspevok sa zaoberá možnosťou zmeny ponuky z hľadiska českého práva, pričom v závere textu pre porovnanie uvádzame posúdenie danej otázky aj z hľadiska slovenského práva.

Enregistré dans:
Détails bibliographiques
Auteur principal: Kapec, Ján
Autres auteurs: Hromada, Radomír
Format: Chapitre de livre
Langue:slovaque
Sujets:
Tags: Ajouter un tag
Pas de tags, Soyez le premier à ajouter un tag!

MARC

LEADER 00000naa a2200000 4500
001 0303366
005 20240805094525.8
041 0 |a slo 
044 |a SK 
245 1 0 |a Formálne a materiálne zmeny ponuky po novele českého zákona o verejnom obstarávaní  |c Ján Kapec, Radomír Hromada 
520 |a Príspevok sa zaoberá možnosťou zmeny ponuky z hľadiska českého práva, pričom v závere textu pre porovnanie uvádzame posúdenie danej otázky aj z hľadiska slovenského práva. 
610 2 0 |a novelizácia 
610 2 0 |a ponuka 
610 2 0 |a obstarávanie verejné 
610 2 0 |a zákony 
610 2 0 |a Česko 
100 1 |a Kapec, Ján 
700 1 |a Hromada, Radomír